| 000 | 00417nam a2200181Ia 4500 | ||
|---|---|---|---|
| 003 | 0STCL | ||
| 008 | 150530s9999 xx 000 0 und d | ||
| 040 |
_aSTCL _cSTCL |
||
| 100 | _aKesava Dev, P | ||
| 245 | _aSwapnam | ||
| 250 | _a1 | ||
| 260 |
_bSahitya Pravarthaka Co Operative Society ; Kottaya _c1977 |
||
| 300 | _a0 | ||
| 546 | _aMalayalam | ||
| 942 |
_2ddc _cBK |
||
| 999 |
_c72681 _d72681 |
||
| 005 | 20220125171518.0 | ||